Formes des pays commençant par N. - Statistiques

Statistiques générales
  • Ce quiz a été pris 68 fois
  • Le résultat moyen est 8 sur 8
Statistiques - réponses
Par images Réponse % Correct
Norvège
100%
Népal
97%
Nouvelle-Zélande
97%
Namibie
95%
Niger
94%
Nigeria
94%
Nauru
92%
Nicaragua
88%
Aucun quiz correspondant
Distribution des résultats
% des personnes avec chaque résultat
Percentile par nombre de réponses
Votre historique - résultats
Vous n’avez pas pris ce quiz